000
00342cam a2200145ua 4500
041
_a
hin
_h
082
_a
891.54
_b
SHA/HA
100
_a
Shakasipriyan, .
245
_a
Hamalatt /
_c
Shakasipriyan.
_h
Textual Documents
260
_a
:
_b
Rajpal and Sanch ,
_c
1961.
300
_a
120 ; .
504
_a
942
_c
BK
999
_c
11723
_d
11723